THE REMOVAL OF UNTOUCHABILITY (Record no. 10163)

MARC details
000 -LEADER
fixed length control field 00301nam a22001337a 4500
003 - CONTROL NUMBER IDENTIFIER
control field SGT
082 ## - DEWEY DECIMAL CLASSIFICATION NUMBER
Classification number 340,GAN
100 ## - MAIN ENTRY--PERSONAL NAME
Personal name GANDHI, M.K.
245 ## - TITLE STATEMENT
Title THE REMOVAL OF UNTOUCHABILITY
260 ## - PUBLICATION, DISTRIBUTION, ETC. (IMPRINT)
Place of publication, distribution, etc AHMEDABAD
Name of publisher, distributor, etc NAVAJIVAN PUBLISHING HOUSE
Year of Publication 1954
300 ## - PAGE DESCRIPTION
No. of Pages 275
650 ## - SUBJECT ADDED ENTRY--TOPICAL TERM
Topical term or geographic name as entry element LAWBOOKS
942 ## - ADDED ENTRY ELEMENTS (KOHA)
Source of classification or shelving scheme Dewey Decimal Classification
Koha item type Books

No items available.